|
|
|
|
| LEADER |
00000ny a22000003n 4500 |
| 005 |
20110224112423.0 |
| 008 |
020326s2001 sp s 000 0 spa c |
| 017 |
|
|
|a D.L. M.43950-2001
|
| 020 |
|
|
|a 9788472489073
|
| 035 |
|
|
|a 779
|
| 040 |
|
|
|a SpMaUCDE
|d vLex
|
| 080 |
|
|
|a 347.77/78
|
| 090 |
|
|
|c 549
|d 549
|
| 245 |
0 |
0 |
|a Actas de derecho industrial y derecho de autor.
|n Tomo XXI,
|p 2000
|h [Recurso electrn̤ico]
|c Instituto de Derecho Industrial... Universidad de Santiago
|
| 256 |
|
|
|a Servicio en ln̕ea
|
| 260 |
|
|
|a [Santiago de Compostela] :
|b Instituto de Derecho Industrial de la Universidad de Santiago de Compostela;
|a Madrid :
|b Marcial Pons
|
| 300 |
|
|
|a 1405 p. ;
|
| 506 |
1 |
|
|a Contenido solo disponible en los productos indicados
|d vLex Global
|d vLex Global (Academic Edition, excluding Law Schools)
|d vLex Global (U.S. Academic Edition, Law Schools)
|d vLex Global (U.S. Academic Edition, excluding Law Schools)
|d vLex Global (Academic Edition, Law Schools)
|
| 650 |
0 |
7 |
|a Derecho industrial
|2 Tesauro vLex
|
| 650 |
0 |
7 |
|a Industrias
|2 Tesauro vLex
|
| 650 |
0 |
7 |
|a Propiedad industrial
|2 Tesauro vLex
|
| 650 |
0 |
7 |
|a Civil
|2 Tesauro vLex
|
| 650 |
0 |
7 |
|a Propiedad intelectual
|2 Tesauro vLex
|
| 650 |
0 |
7 |
|a Derechos de autor
|2 Tesauro vLex
|
| 710 |
2 |
|
|a Universidad de Santiago de Compostela.
|b Instituto de Derecho Industrial
|
| 740 |
0 |
|
|a vLex Libros (Servicios en ln̕ea)
|
| 856 |
4 |
0 |
|u http://vlex.com/source/779
|z Acceso restringido
|
| 942 |
|
|
|c BOOK
|